[Event "POL-ch Rapid U18 Girls"]
[Site "Bydgoszcz"]
[Date "2023.08.30"]
[Round "7"]
[White "Duda, Aleksandra"]
[Black "Kucia, Kinga"]
[Result "0-1"]
[WhiteElo "1472"]
[BlackElo "1273"]
[PlyCount "102"]
[EventDate "2023.08.28"]
[EventType "swiss"]
[EventRounds "11"]
[EventCountry "POL"]
[SourceTitle "EXT 2024"]
[Source "ChessBase"]
[SourceDate "2023.10.10"]
[SourceVersion "1"]
[SourceVersionDate "2023.10.10"]
[SourceQuality "1"]

1. c4 c6 2. Nc3 d5 3. cxd5 cxd5 4. d4 Nf6 5. Nf3 Nc6 6. Bf4 Bf5 7. e3 a6 8. Bd3 Bxd3 9. Qxd3 e6 10. 0-0 Bd6 11. Bxd6 Qxd6 12. a3 0-0 13. Rac1 Rac8 14. h3 Na5 15. Nd2 Nc4 16. Nxc4 Rxc4 17. Rc2 Rfc8 18. Rfc1 b5 19. b3 R4c6 20. a4 b4 21. Ne2 h6 22. a5 Rxc2 23. Rxc2 Rc6 24. Qd2 Ne4 25. Rxc6 Qxc6 26. Qd3 Nc3 27. f3 Nxe2+ 28. Qxe2 Qc1+ 29. Kh2 Qc7+ 30. Kg1 Qxa5 31. Qc2 Qa1+ 32. Kf2 Qa5 33. Qc8+ Kh7 34. Qc2+ Kg8 35. Qc8+ Kh7 36. Qc2+ g6 37. e4 Qb6 38. Qc5 Qb7 39. exd5 exd5 40. Ke3 Kg7 41. f4 Qb5 42. Qe7 a5 43. Qe5+ Kg8 44. Kd2 Qc6 45. Qe3 a4 46. Qd3 a3 47. Qb1 Qc3+ 48. Kd1 Qxd4+ 49. Ke2 Qe4+ 50. Qxe4 dxe4 51. Kd2 a2 0-1